| 000 | 00719nam a22002057a 4500 | ||
|---|---|---|---|
| 005 | 20151207172716.0 | ||
| 010 | _a ENG-114170 | ||
| 020 |
_a9789383996148 _c350.00 |
||
| 035 | _aEN-97702 | ||
| 037 | _aDBAD/PUB | ||
| 082 | _a954.0350722 | ||
| 100 | _aPrakash Narayan | ||
| 245 |
_aPerspectives on colonialism and nationalism in India : _cby Prakash Narayan [and] Amit K. Suman _ba study of historiographical traditions / |
||
| 260 |
_aDelhi _bApple Books _c2014 |
||
| 270 |
_aI/9929, 1st , West Gorakh Park, Gali No. 3-H, Shahdara _bDelhi _e110032 |
||
| 300 |
_a220p. _c21cm(pbk) |
||
| 500 | _aIncludes bibliographical references | ||
| 700 | _a Amit K.Suman | ||
| 942 |
_2ddc _cEN _mPRA _h954.0350722 |
||
| 999 |
_c97522 _d97522 |
||